Most Populous Modern-Day Countries in 1000 AD - Statistics

General Stats
  • This quiz has been taken 76,258 times
  • The average score is 13 of 17
Answer Stats
Population Country % Correct
58 m China
98%
73 m India
95%
5 m France
93%
4 m Italy
93%
4 m Egypt
91%
3 m Germany
90%
4 m Spain
89%
6 m Japan
87%
7 m Turkey
84%
4 m Iran
83%
6 m Mexico
75%
4 m Pakistan
75%
5 m Indonesia
71%
9 m Bangladesh
60%
3 m Peru
52%
4 m Nigeria
51%
3 m Sudan
40%
No matching quizzes found
Score Distribution
Percent of People with Each Score
Percentile by Number Answered
Your Score History
You have not taken this quiz